000
00186 a2200097 4500
001
8674
100
_a
Linver,S.
245
_a
The leader's Edge
260
_a
_b
_c
090
_c
6989
_d
6989
942
_a
NUST-CAE
_c
M
_c
33587
999
_c
243747
_d
243747